Issues in accounting education (Record no. 12925)
[ view plain ]
| 000 -LEADER | |
|---|---|
| fixed length control field | 00317 a2200109 4500 |
| 245 ## - TITLE STATEMENT | |
| Title | Issues in accounting education |
| Medium | |
| 650 ## - SUBJECT ADDED ENTRY--TOPICAL TERM | |
| Topical term or geographic name entry element | ACCOUNTING |
| 260 ## - PUBLICATION, DISTRIBUTION, ETC. | |
| Place of publication, distribution, etc. | flu |
| Name of publisher, distributor, etc. | American Accounting Association |
| Date of publication, distribution, etc. | c1983- |
| 084 ## - | |
| -- | HF5630 .I77 |
| 300 ## - PHYSICAL DESCRIPTION | |
| Extent | v. : ill. |
| Other physical details | 26 cm. |
| Dimensions | v. : ill. ; 26 cm. |
| 500 ## - GENERAL NOTE | |
| General note | Title from cover. |
No items available.